[Event "chess.com SpeedChess Q2Sw"]
[Site "chess.com INT"]
[Date "2022.11.12"]
[Round "3"]
[White "Grandelius, Nils"]
[Black "Hakobyan, Aram"]
[Result "0-1"]
[WhiteTitle "GM"]
[BlackTitle "GM"]
[WhiteElo "2657"]
[BlackElo "2613"]
[WhiteFideId "1710400"]
[BlackFideId "13306677"]
[EventDate "2022.11.12"]

1. Nf3 Nf6 2. g3 d5 3. Bg2 e6 4. O-O Be7 5. c4 O-O 6. d4 dxc4 7. Qa4 a6 8. Qxc4
b5 9. Qc2 Bb7 10. Bg5 Nbd7 11. Bxf6 Nxf6 12. Nbd2 Rc8 13. Nb3 Be4 14. Qc3 Bd5
15. Ne5 c5 16. dxc5 Bxc5 17. Nxc5 Bxg2 18. Rfd1 Bd5 19. b4 Qc7 20. f3 a5 21. a3
h6 22. Kf2 Rfd8 23. Rac1 axb4 24. axb4 Qe7 25. Rd2 Ba8 26. Rxd8+ Qxd8 27. Ned3
Qe7 28. Ra1 Bd5 29. Qe5 Bc4 30. Nb2 Nd5 31. Nbd3 Bxd3 32. Nxd3 Nxb4 33. Qxb5 Nc2
34. Ra4 Qd8 35. Rc4 Rxc4 36. Qxc4 Nd4 37. Qc5 Nf5 38. Ne5 Nd6 39. Qa7 Qf8 40.
Qc5 Ne4+ 0-1

[Event "chess.com SpeedChess Q2Sw"]
[Site "chess.com INT"]
[Date "2022.11.12"]
[Round "3"]
[White "Svane, Frederik"]
[Black "Kamsky, Gata"]
[Result "0-1"]
[WhiteTitle "GM"]
[BlackTitle "GM"]
[WhiteElo "2568"]
[BlackElo "2666"]
[WhiteFideId "12923044"]
[BlackFideId "2000024"]
[EventDate "2022.11.12"]

1. e4 c5 2. Nf3 e6 3. c3 d5 4. e5 d4 5. d3 Nc6 6. g3 Nge7 7. Bg2 Ng6 8. Qe2 Qc7
9. cxd4 Nxd4 10. Nxd4 cxd4 11. O-O Qxe5 12. Qd1 Be7 13. h4 Qb5 14. a4 Qb4 15.
Re1 f6 16. Na3 O-O 17. Nc4 Rd8 18. Bd2 Qc5 19. Rc1 Bf8 20. h5 Nh8 21. Ba5 Re8
22. Nb6 Qxa5 23. Nxa8 Bd6 24. Qc2 Bd7 25. Bxb7 Nf7 26. Nc7 Rb8 27. Nxe6 Rxb7 28.
Qc8+ Bxc8 29. Rxc8+ Nd8 30. Rxd8+ Kf7 31. Re4 Be7 32. Rh8 Qxh5 33. Nf4 Qh6 34.
Kg2 Rxb2 0-1

[Event "chess.com SpeedChess Q2Sw"]
[Site "chess.com INT"]
[Date "2022.11.12"]
[Round "3"]
[White "Wadsworth, Matthew J"]
[Black "Grot, Blazej"]
[Result "1-0"]
[WhiteTitle "IM"]
[BlackTitle "CM"]
[WhiteElo "2470"]
[BlackElo "1839"]
[WhiteFideId "415804"]
[BlackFideId "21835845"]
[EventDate "2022.11.12"]

1. c4 Nf6 2. g3 e6 3. Bg2 d5 4. Nf3 Be7 5. O-O O-O 6. b3 c6 7. Bb2 Nbd7 8. d4 b6
9. Nc3 Bb7 10. Qc2 Rc8 11. Rad1 Qc7 12. e4 dxe4 13. Nxe4 Nxe4 14. Qxe4 c5 15. d5
Nf6 16. Qc2 exd5 17. Be5 Qc6 18. Ng5 g6 19. h4 h6 20. cxd5 Qd7 21. Bh3 Qd8 22.
d6 hxg5 23. dxe7 Qxe7 24. Bd6 Qe8 25. Bxf8 Qc6 26. f3 Rxf8 27. hxg5 Nh5 28. Qh2
Qc7 29. f4 Qc6 30. Bg2 Qc7 31. Bxb7 Qxb7 32. g4 Ng7 33. f5 gxf5 34. gxf5 Qe4 35.
Qg2 Qe5 36. f6 Ne6 37. g6 fxg6 38. Qxg6+ Kh8 39. Rf3 Ng5 40. Qg7# 1-0

[Event "chess.com SpeedChess Q2Sw"]
[Site "chess.com INT"]
[Date "2022.11.12"]
[Round "3"]
[White "Tasdogen, Dincer"]
[Black "Omariev, Maksim"]
[Result "1-0"]
[WhiteTitle "FM"]
[BlackTitle "FM"]
[WhiteElo "2303"]
[BlackElo "2304"]
[WhiteFideId "6367097"]
[BlackFideId "4193423"]
[EventDate "2022.11.12"]

1. Nf3 d5 2. g3 c6 3. Bg2 Nf6 4. d3 Bf5 5. O-O h6 6. Nbd2 e6 7. Qe1 Bh7 8. e4
Be7 9. Qe2 O-O 10. Re1 a5 11. a3 Na6 12. Ne5 Re8 13. f4 Rc8 14. h3 b5 15. Kh2 c5
16. exd5 exd5 17. Nxf7 Qb6 18. Ne5 c4 19. dxc4 bxc4 20. Ndf3 Nc5 21. Nd4 Bd6 22.
Be3 Nfe4 23. b3 cxb3 24. Nxb3 Kh8 25. Bxe4 Bxe4 26. Nd7 Qc7 27. Nbxc5 Bxc5 28.
Nxc5 d4 29. Bxd4 Bc6 30. Qg4 Red8 31. c3 Bd5 32. Qg6 Rd6 33. Re8+ Rxe8 34. Qxe8+
Kh7 35. Re1 Rc6 36. Re7 Rxc5 37. Rxc7 Rxc7 38. Qe5 Rd7 39. Qf5+ 1-0

[Event "chess.com SpeedChess Q2Sw"]
[Site "chess.com INT"]
[Date "2022.11.12"]
[Round "3"]
[White "Zemlyanskii, Ivan"]
[Black "Hardaway, Brewington"]
[Result "0-1"]
[WhiteTitle "FM"]
[BlackTitle "CM"]
[WhiteElo "2237"]
[BlackElo "2259"]
[WhiteFideId "24249971"]
[BlackFideId "30941849"]
[EventDate "2022.11.12"]

1. d4 d5 2. c4 e6 3. Nf3 Nf6 4. g3 Bb4+ 5. Nbd2 O-O 6. Bg2 dxc4 7. Qc2 c5 8.
dxc5 c3 9. bxc3 Bxc5 10. O-O Nc6 11. Rd1 Qe7 12. Ne4 Nxe4 13. Qxe4 h6 14. Rb1 e5
15. Be3 Bd6 16. Nd2 f5 17. Qc4+ Be6 18. Bd5 Bxd5 19. Qxd5+ Kh7 20. Nc4 f4 21.
Nxd6 fxe3 22. Qe4+ Kh8 23. Qxe3 Rad8 24. Rxb7 Rxd6 25. Rxe7 Rxd1+ 26. Kg2 Nxe7
27. Qxa7 Ng6 28. a4 Rdd8 29. a5 Ra8 30. Qb6 Rf6 31. Qb4 Rfa6 32. Qe4 Kh7 33. h4
Kg8 34. h5 Nh8 35. Qxe5 Rxa5 36. Qe6+ Nf7 37. g4 Re5 38. Qc4 Rae8 39. e3 Re4 40.
Qe2 Ne5 41. f3 Ra4 42. Qb5 Raa8 43. Kg3 Nf7 44. e4 Rab8 45. Qb3 Rxb3 0-1

[Event "chess.com SpeedChess Q2Sw"]
[Site "chess.com INT"]
[Date "2022.11.12"]
[Round "3"]
[White "Taboas Rodriguez, Daniel"]
[Black "Yuan, Qingyu"]
[Result "1/2-1/2"]
[WhiteTitle "FM"]
[WhiteElo "2359"]
[BlackElo "2373"]
[WhiteFideId "2208466"]
[BlackFideId "8609772"]
[EventDate "2022.11.12"]

1. d4 d5 2. c4 e6 3. Nc3 Nf6 4. Bg5 dxc4 5. e4 c5 6. d5 Be7 7. Bxc4 exd5 8. exd5
O-O 9. Nf3 h6 10. Bf4 Bd6 11. Bxd6 Qxd6 12. O-O Nbd7 13. Re1 Nb6 14. b3 Bg4 15.
h3 Bh5 16. Qd3 Bxf3 17. Qxf3 Rfe8 18. Nb5 Qd7 19. Rxe8+ Rxe8 20. Nxa7 Nxc4 21.
bxc4 Qa4 22. Nb5 Re5 23. Qb3 Qa5 24. Qc3 Qxc3 25. Nxc3 Ne8 26. Nb5 Kf8 27. d6
Nf6 28. Kf1 Ke8 29. Re1 Rxe1+ 30. Kxe1 Kd7 31. Ke2 Ne4 32. Ke3 Nxd6 33. Nxd6
Kxd6 34. Ke4 Ke6 35. g4 g6 36. a4 b6 37. h4 f6 38. h5 f5+ 39. gxf5+ gxf5+ 40.
Kf4 Kf6 41. f3 Ke6 42. Ke3 Kd6 43. Kf4 Ke6 44. Ke3 Ke5 45. f4+ Kd6 46. Kd3 Kc6
47. Kc3 Kb7 48. Kb3 Ka7 49. Ka3 Ka6 50. Kb3 Ka5 51. Ka3 Ka6 52. Kb3 Kb7 53. Ka3
Ka7 54. Kb3 Ka6 55. Ka3 Ka5 56. Kb3 Ka6 57. Ka3 Ka7 58. Kb3 Kb7 59. Ka3 Ka6 1/2-1/2

[Event "chess.com SpeedChess Q2Sw"]
[Site "chess.com INT"]
[Date "2022.11.12"]
[Round "3"]
[White "Azarov, Sergei"]
[Black "Aarav, Dengla"]
[Result "0-1"]
[WhiteTitle "GM"]
[BlackTitle "FM"]
[WhiteElo "2562"]
[BlackElo "2357"]
[WhiteFideId "13501470"]
[BlackFideId "45059756"]
[EventDate "2022.11.12"]

1. e4 c5 2. Nf3 d6 3. d4 cxd4 4. Nxd4 Nf6 5. Nc3 a6 6. Bg5 e6 7. f4 Be7 8. Qf3
h6 9. Bh4 Nbd7 10. O-O-O g5 11. fxg5 hxg5 12. Bxg5 Ne5 13. Qe2 Nxe4 14. Nxe4
Bxg5+ 15. Nxg5 Qxg5+ 16. Kb1 Bd7 17. g3 Qg4 18. Qd2 Nc6 19. Nxc6 Bxc6 20. Bg2
Bxg2 21. Qxg2 O-O-O 22. h3 Qg6 23. g4 Rd7 24. h4 Rg8 25. Qf2 Rh8 26. g5 Rc7 27.
a3 Kb8 28. Rxd6 Qe4 29. Qh2 Ka8 30. Rhd1 Rcc8 31. R6d4 Qf5 32. b3 Qxg5 33. hxg5
Rxh2 34. R1d2 Rh1+ 35. Kb2 Rg1 36. Rf4 Rc7 37. Rd8+ Ka7 38. Rf8 Rxg5 39. R8xf7
Rc6 40. Rf2 e5 41. Re7 Kb6 42. Rff7 Rg2 43. Rxb7+ Ka5 0-1

[Event "chess.com SpeedChess Q2Sw"]
[Site "chess.com INT"]
[Date "2022.11.12"]
[Round "3"]
[White "Salman, Pavel"]
[Black "Deev, Andrei"]
[Result "1-0"]
[WhiteTitle "FM"]
[BlackTitle "IM"]
[WhiteElo "2287"]
[BlackElo "2390"]
[WhiteFideId "24153753"]
[BlackFideId "4102690"]
[EventDate "2022.11.12"]

1. d4 d6 2. Nc3 Nf6 3. Nf3 Bg4 4. e4 e6 5. Be2 d5 6. Ne5 Bxe2 7. Qxe2 c6 8. O-O
dxe4 9. Nxe4 Qxd4 10. Ng5 Bd6 11. Ngxf7 Bxe5 12. Nxe5 O-O 13. c3 Qc5 14. h3 Kh8
15. Rd1 Qe7 16. Bg5 Qe8 17. Bxf6 gxf6 18. Nc4 Nd7 19. Rd6 e5 20. Rad1 Rf7 21.
Qh5 Nf8 22. Ne3 Ng6 23. Nf5 Nf4 24. Qh6 Qg8 25. g3 Ng6 26. Kh2 Raf8 27. h4 Ne7
28. Nxe7 Rxe7 29. Rxf6 Ref7 30. Rdd6 Qg7 31. Qxg7+ Kxg7 32. Rxf7+ Rxf7 33. Kg2
h5 34. Re6 1-0

[Event "chess.com SpeedChess Q2Sw"]
[Site "chess.com INT"]
[Date "2022.11.12"]
[Round "3"]
[White "Nenezic, Marko"]
[Black "Sjugirov, Sanan"]
[Result "1-0"]
[WhiteTitle "IM"]
[BlackTitle "GM"]
[WhiteElo "2510"]
[BlackElo "2712"]
[WhiteFideId "912123"]
[BlackFideId "4189302"]
[EventDate "2022.11.12"]

1. Nf3 d5 2. g3 Bg4 3. Bg2 c6 4. O-O e6 5. d3 Nd7 6. b3 Ngf6 7. Bb2 Bc5 8. Nbd2
O-O 9. h3 Bh5 10. e4 a5 11. a3 Qc7 12. Kh1 dxe4 13. dxe4 e5 14. Qe1 Rfe8 15. Nh4
Bg6 16. Nxg6 hxg6 17. Nf3 Bf8 18. Qe2 Nc5 19. Nd2 Ne6 20. c3 b5 21. b4 Nd7 22.
Nb3 axb4 23. axb4 Nb6 24. Na5 Na4 25. Rad1 c5 26. Rd5 cxb4 27. cxb4 Bxb4 28.
Qxb5 Qxa5 29. Bxe5 Qxb5 30. Rxb5 Bc3 31. Bd6 Bd4 32. e5 Rac8 33. Ra5 Nac5 34. f4
Nd3 35. Ra2 Bc5 36. Rd2 Nb4 37. Rb1 1-0

[Event "chess.com SpeedChess Q2Sw"]
[Site "chess.com INT"]
[Date "2022.11.12"]
[Round "3"]
[White "Ladan, Nicholas"]
[Black "Mika, Tomasz"]
[Result "0-1"]
[BlackTitle "CM"]
[WhiteElo "2091"]
[BlackElo "2185"]
[WhiteFideId "30918855"]
[BlackFideId "1132970"]
[EventDate "2022.11.12"]

1. b3 d5 2. Bb2 Nf6 3. Nf3 c5 4. e3 Nc6 5. c4 e6 6. d3 Be7 7. Nbd2 O-O 8. a3 b6
9. g3 Bb7 10. Bg2 dxc4 11. Nxc4 b5 12. Nce5 Nxe5 13. Bxe5 Qd7 14. O-O Rfd8 15.
d4 cxd4 16. Bxd4 Bd5 17. b4 Qb7 18. Qe2 Bc4 19. Qb2 Bxf1 20. Rxf1 Rac8 21. g4 h6
22. h4 Ne8 23. g5 hxg5 24. hxg5 g6 25. Qe2 a6 26. Ne5 Qc7 27. Nc6 Rxd4 28. exd4
Bxg5 29. Re1 Bf6 30. Qf3 Kg7 31. d5 exd5 32. Qxd5 Nd6 33. Ne5 Nf5 34. Ng4 Bc3
35. Rd1 Qe7 36. Qb7 Rc7 37. Qf3 Bb2 0-1

[Event "chess.com SpeedChess Q2Sw"]
[Site "chess.com INT"]
[Date "2022.11.12"]
[Round "3"]
[White "Firat, Burak"]
[Black "Akobian, Varuzhan"]
[Result "1-0"]
[WhiteTitle "GM"]
[BlackTitle "GM"]
[WhiteElo "2460"]
[BlackElo "2591"]
[WhiteFideId "6305881"]
[BlackFideId "13300580"]
[EventDate "2022.11.12"]

1. e4 d6 2. d4 Nf6 3. Nc3 c6 4. f4 Qa5 5. Bd3 e5 6. Nf3 exd4 7. Nxd4 Qb6 8. Nb3
a5 9. a4 Na6 10. Bxa6 Qxa6 11. Be3 Qc4 12. Bd4 Be7 13. Qf3 O-O 14. h3 c5 15.
Bxf6 Bxf6 16. Nd2 Qb4 17. Nd5 Qxb2 18. Rb1 Qxc2 19. Nxf6+ gxf6 20. Qg3+ Kh8 21.
Qh4 Qc3 22. Rb3 Qd4 23. Rf1 Be6 24. Rd3 Qb2 25. e5 Rg8 26. Qxf6+ Rg7 27. f5 Ba2
28. Qxd6 Re8 29. e6 Rxg2 30. Qd7 Qe5+ 31. Kd1 Reg8 32. exf7 Rf8 33. Qxb7 Qa1+
34. Kc2 Qxf1 35. Qb2+ Rg7 36. Nxf1 1-0

[Event "chess.com SpeedChess Q2Sw"]
[Site "chess.com INT"]
[Date "2022.11.12"]
[Round "3"]
[White "Podobnik, Marijan"]
[Black "Andreev, Eduard UKR"]
[Result "0-1"]
[WhiteTitle "FM"]
[BlackTitle "GM"]
[WhiteElo "2118"]
[BlackElo "2413"]
[WhiteFideId "14502151"]
[BlackFideId "14103400"]
[EventDate "2022.11.12"]

1. e4 c5 2. c3 d5 3. exd5 Qxd5 4. d4 cxd4 5. cxd4 Nc6 6. Nf3 Bg4 7. Be2 Nf6 8.
h3 Bh5 9. O-O e6 10. Nc3 Qa5 11. Be3 Rd8 12. Qb3 Qb4 13. Rfd1 Be7 14. Qxb4 Bxb4
15. Rac1 O-O 16. a3 Ba5 17. g4 Bg6 18. b4 Bb6 19. Na4 Nd5 20. Nxb6 Nxb6 21. Ne5
Be4 22. Bf3 Bxf3 23. Nxf3 Rd5 24. Rc5 Rfd8 25. Rdc1 f6 26. Rxd5 Rxd5 27. Rc5 Kf7
28. Rxd5 Nxd5 29. Kf1 a6 30. Ke2 Na7 31. Kd3 Nb5 32. Bc1 Nd6 33. Nd2 Ke7 34. Nc4
Nc8 35. Be3 Kd7 36. h4 b5 37. Na5 Ncb6 38. Nb3 Nc4 39. Nc5+ Ke7 40. Bc1 a5 41.
bxa5 Nxa5 42. Bd2 Nc4 43. Bb4 Kf7 44. Ne4 f5 45. gxf5 exf5 46. Nd6+ Nxd6 47.
Bxd6 Ke6 48. Bb8 g6 49. Be5 Nb6 50. Bg7 Kd5 51. Bf8 Nc4 52. Bc5 Nb2+ 53. Kc2 Nc4
54. Kd3 Na5 55. f3 Nc6 56. Kc3 Nd8 57. Kb4 Kc6 58. a4 bxa4 59. Kxa4 Ne6 60. Kb4
Kd5 61. Ba7 Nxd4 62. f4 Ne2 63. Bb8 Ke4 64. Kc4 Nxf4 0-1

[Event "chess.com SpeedChess Q2Sw"]
[Site "chess.com INT"]
[Date "2022.11.12"]
[Round "3"]
[White "Durarbayli, Vasif"]
[Black "Theodorou, Nikolas"]
[Result "1-0"]
[WhiteTitle "GM"]
[BlackTitle "GM"]
[WhiteElo "2612"]
[BlackElo "2598"]
[WhiteFideId "13402935"]
[BlackFideId "4262875"]
[EventDate "2022.11.12"]

1. e4 c5 2. Nf3 Nc6 3. Bb5 e6 4. c3 Qb6 5. Na3 a6 6. Be2 d5 7. e5 Nge7 8. O-O c4
9. d4 cxd3 10. Bxd3 Ng6 11. Re1 Bc5 12. Qe2 Bd7 13. Nc2 Qc7 14. h4 f6 15. exf6
gxf6 16. Ncd4 e5 17. Nxc6 Bxc6 18. Bf5 Ne7 19. Be6 Qd6 20. Bh3 Bd7 21. Bxd7+
Qxd7 22. Be3 Bxe3 23. Qxe3 O-O-O 24. Rad1 Rhg8 25. Kh2 Kb8 26. g3 Nc6 27. b4 Qf5
28. a4 Ne7 29. b5 a5 30. Re2 Ng6 31. Red2 Qg4 32. b6 Rd6 33. Ng1 Nxh4 34. Rxd5
Rxd5 35. Rxd5 Nf5 36. Qc5 Qh5+ 37. Nh3 Qe8 38. Qc7+ Ka8 39. Rxa5# 1-0

[Event "chess.com SpeedChess Q2Sw"]
[Site "chess.com INT"]
[Date "2022.11.12"]
[Round "3"]
[White "Tologon tegin, Semetei"]
[Black "Baches Garcia, Guillermo"]
[Result "0-1"]
[WhiteTitle "IM"]
[BlackTitle "IM"]
[WhiteElo "2382"]
[BlackElo "2326"]
[WhiteFideId "13800574"]
[BlackFideId "2209764"]
[EventDate "2022.11.12"]

1. e4 c5 2. Nf3 d6 3. d4 cxd4 4. Nxd4 Nf6 5. Nc3 Nc6 6. Bg5 e6 7. Qd2 h6 8. Be3
Ng4 9. Nxc6 bxc6 10. Bf4 e5 11. Bg3 Be7 12. h3 Nf6 13. Bc4 Nh5 14. Bh2 O-O 15.
Qe2 Nf4 16. Bxf4 exf4 17. Qd2 Bf6 18. Qxf4 Qb6 19. Bb3 Ba6 20. Qf3 d5 21. O-O-O
d4 22. Na4 Qa5 23. Qg3 c5 24. e5 Be7 25. c4 Rab8 26. f4 Rb4 27. Qd3 Rxa4 28.
Bxa4 Qxa4 29. Qb3 Qxc4+ 30. Qxc4 Bxc4 31. b3 Bd5 32. Rhg1 a5 33. g3 a4 34. bxa4
Ra8 35. Rd2 Rxa4 36. Rb2 c4 37. Rd1 Ba3 38. Rxd4 c3 39. Rxa4 cxb2+ 40. Kb1 Bc5 0-1

[Event "chess.com SpeedChess Q2Sw"]
[Site "chess.com INT"]
[Date "2022.11.12"]
[Round "3"]
[White "Martinez Alcantara, Jose Eduardo"]
[Black "Darini, Pouria"]
[Result "1-0"]
[WhiteTitle "GM"]
[BlackTitle "GM"]
[WhiteElo "2597"]
[BlackElo "2405"]
[WhiteFideId "3805662"]
[BlackFideId "12502200"]
[EventDate "2022.11.12"]

1. e4 c5 2. Nf3 Nc6 3. c3 Nf6 4. Bd3 d5 5. e5 Ng8 6. Bc2 Bg4 7. Ba4 e6 8. d4 Rc8
9. O-O cxd4 10. cxd4 Ne7 11. h3 Bxf3 12. Qxf3 Nf5 13. Be3 Be7 14. Nc3 O-O 15.
Rad1 Nxe3 16. fxe3 Na5 17. Qe2 Nc4 18. Bb3 Bg5 19. Rf3 f5 20. exf6 Rxf6 21. Rdf1
Qe7 22. Kh1 a6 23. Bxc4 Rxc4 24. e4 Rxf3 25. Rxf3 Rxd4 26. exd5 exd5 27. Qf1 Bf6
28. Rf5 Qe6 29. Rf2 h6 30. Re2 Qd7 31. Qf3 b5 32. a3 a5 33. Qh5 b4 34. axb4 axb4
35. Qg6 Be7 36. Nb5 Rd1+ 37. Kh2 Qxb5 38. Rxe7 Qb8+ 39. g3 Qf8 40. Re8 1-0

[Event "chess.com SpeedChess Q2Sw"]
[Site "chess.com INT"]
[Date "2022.11.12"]
[Round "3"]
[White "Gabrielian, Artur"]
[Black "Drygalov, Sergey"]
[Result "0-1"]
[WhiteTitle "GM"]
[BlackTitle "GM"]
[WhiteElo "2460"]
[BlackElo "2547"]
[WhiteFideId "4131002"]
[BlackFideId "24171743"]
[EventDate "2022.11.12"]

1. e4 c5 2. Nf3 d6 3. d4 cxd4 4. Nxd4 Nf6 5. Nc3 a6 6. Bd3 Nbd7 7. O-O g6 8. f4
Bg7 9. Kh1 O-O 10. Nf3 Qc7 11. Qe1 b5 12. a3 Bb7 13. f5 Ne5 14. Qh4 Rad8 15. Bf4
Qc5 16. Rae1 Rfe8 17. Ng5 h6 18. Nf3 Nxf3 19. Rxf3 g5 20. Bxg5 hxg5 21. Qxg5 Qe5
22. Rg3 Nh7 23. Qh5 d5 24. Re2 d4 25. Nd5 Rd6 26. Rf2 Bxd5 27. exd5 Rf8 28. Rff3
Kh8 29. h3 Rh6 30. Qg4 Rg8 31. Rf4 Nf6 32. Qf3 Nh5 33. Rgg4 Nxf4 34. Rxf4 Qe1+
35. Bf1 Qe3 0-1

[Event "chess.com SpeedChess Q2Sw"]
[Site "chess.com INT"]
[Date "2022.11.12"]
[Round "3"]
[White "Vaibhav, Jayant Raut"]
[Black "Kalogridis, Antonios"]
[Result "1-0"]
[WhiteTitle "CM"]
[BlackTitle "FM"]
[WhiteElo "2247"]
[BlackElo "2293"]
[WhiteFideId "5089034"]
[BlackFideId "25833901"]
[EventDate "2022.11.12"]

1. d4 Nf6 2. Bf4 g6 3. e3 Bg7 4. h3 d5 5. Nd2 c5 6. Ngf3 O-O 7. Bd3 Nc6 8. c3 b6
9. O-O Bb7 10. Qe2 Nd7 11. Ba6 Bxa6 12. Qxa6 e5 13. dxe5 Ndxe5 14. Nxe5 Bxe5 15.
Bh6 Re8 16. Nf3 Bf6 17. Rfd1 Re7 18. Rd2 Rd7 19. Rad1 Ne7 20. e4 Qc7 21. exd5
Nf5 22. d6 Qc6 23. Bf4 Rad8 24. a4 Qe4 25. Bh2 g5 26. Re2 Qc6 27. Be5 Bxe5 28.
Nxe5 Qb7 29. Qb5 Rxd6 30. Rxd6 Nxd6 31. Qd3 Qe7 32. Nc6 Qc7 33. Nxd8 Qd7 34. Rd2
Qxd8 35. Qxd6 Qe8 36. Qd8 Kf8 37. Qxe8+ Kxe8 38. Kh2 Ke7 39. Kg3 f5 40. h4 h5
41. hxg5 Kf7 42. Kf4 Kg6 43. Rd6+ Kg7 44. Kxf5 Kf7 45. Rd7+ Ke8 46. Ke6 Kf8 47.
g6 Kg8 48. Kf6 h4 49. Rd8# 1-0

[Event "chess.com SpeedChess Q2Sw"]
[Site "chess.com INT"]
[Date "2022.11.12"]
[Round "3"]
[White "Muradli, Mahammad"]
[Black "Hamley, Ryan"]
[Result "0-1"]
[WhiteTitle "GM"]
[WhiteElo "2540"]
[BlackElo "2080"]
[WhiteFideId "13409301"]
[BlackFideId "30959497"]
[EventDate "2022.11.12"]

1. g3 g6 2. Bg2 Bg7 3. d4 c5 4. c3 cxd4 5. cxd4 d5 6. Nc3 Nf6 7. Bg5 e6 8. h4 h6
9. Bf4 Nc6 10. e3 O-O 11. Nf3 b6 12. O-O Qe7 13. Rc1 Bb7 14. Qe2 Rac8 15. Rfd1
Nh5 16. Be5 f6 17. Bf4 Rfd8 18. g4 Nxf4 19. exf4 Qf7 20. Bh3 Rc7 21. Re1 Re7 22.
Rcd1 e5 23. h5 gxh5 24. dxe5 fxe5 25. f5 hxg4 26. Bxg4 e4 27. Nh4 Ne5 28. Kh2
Qf6 29. Kh3 Qg5 30. Rg1 Qf4 31. Qe3 Qxe3+ 32. fxe3 Bf6 33. Nxe4 Bxh4 34. f6 Bxf6
35. Nxf6+ Kh8 36. Bh5 Bc8+ 37. Kh4 Rg7 38. Rgf1 Nd7 39. Rxd5 Rf8 0-1

[Event "chess.com SpeedChess Q2Sw"]
[Site "chess.com INT"]
[Date "2022.11.12"]
[Round "3"]
[White "Melikyan, Gnel"]
[Black "Kovalev, Vladislav"]
[Result "0-1"]
[BlackTitle "GM"]
[WhiteElo "2238"]
[BlackElo "2623"]
[WhiteFideId "54109990"]
[BlackFideId "13504398"]
[EventDate "2022.11.12"]

1. e4 e5 2. Nf3 Nc6 3. d4 exd4 4. Nxd4 Nf6 5. Nxc6 bxc6 6. e5 Qe7 7. Qe2 Nd5 8.
c4 Nb6 9. Nc3 Qe6 10. Qe4 g6 11. Bd3 Bg7 12. O-O O-O 13. Bf4 Ba6 14. b3 d5 15.
cxd5 cxd5 16. Qe2 Bxd3 17. Qxd3 Bxe5 18. Rfe1 Bxf4 19. Rxe6 fxe6 20. Re1 Rae8
21. g3 Bd6 22. Kg2 c6 23. f4 e5 24. fxe5 Rxe5 25. Rxe5 Bxe5 26. Ne2 Rf7 27. a4
c5 28. a5 c4 29. Qd1 Nd7 30. Qxd5 cxb3 31. Qxb3 Kg7 32. Qd5 Re7 33. Nf4 Bxf4 34.
gxf4 Nf6 35. Qd4 Rf7 36. Kf3 Kg8 37. h3 Nh5 38. Qd8+ Kg7 39. Qd4+ Kg8 40. Qd8+
Kg7 41. Qd4+ Kh6 42. a6 Nxf4 43. Qxf4+ Rxf4+ 44. Kxf4 Kh5 45. Ke5 Kh4 46. Kd6
Kxh3 47. Kc7 g5 48. Kb7 g4 49. Kxa7 g3 50. Kb8 g2 51. a7 g1=Q 52. a8=Q Qg8+ 0-1

[Event "chess.com SpeedChess Q2Sw"]
[Site "chess.com INT"]
[Date "2022.11.12"]
[Round "3"]
[White "Indjic, Aleksandar"]
[Black "Fridman, Daniel"]
[Result "0-1"]
[WhiteTitle "GM"]
[BlackTitle "GM"]
[WhiteElo "2631"]
[BlackElo "2602"]
[WhiteFideId "911925"]
[BlackFideId "11600454"]
[EventDate "2022.11.12"]

1. c4 e6 2. Nc3 d5 3. d4 c5 4. e3 cxd4 5. exd4 Nf6 6. Nf3 Bb4 7. Bd3 dxc4 8.
Bxc4 O-O 9. O-O b6 10. Qe2 Bb7 11. Rd1 Bxc3 12. bxc3 Nc6 13. Bd3 Ne7 14. Bg5 Rc8
15. c4 Ng6 16. Ne5 Qc7 17. Nxg6 hxg6 18. f3 Rfe8 19. Bh4 Nh5 20. Qe3 Qf4 21. Bf2
g5 22. a4 Red8 23. a5 g6 24. axb6 axb6 25. Rdb1 Rd6 26. c5 Rdc6 27. Be4 R6c7 28.
Rxb6 Bxe4 29. fxe4 Nf6 30. Re1 Ng4 31. Qxf4 gxf4 32. e5 Nh6 33. h4 Nf5 34. Re4
Rd7 35. Rxf4 Rcd8 36. Rb4 Kg7 37. g4 Ne7 38. Rf3 Nc6 39. Rc4 Nxd4 40. c6 Nxf3+
41. Kg2 Nd2 42. Rc2 Rd5 43. c7 Rc8 44. Bb6 Ne4 45. Kf3 f5 46. exf6+ Nxf6 47. Ke3
Nd7 48. Bd4+ e5 49. Bb2 Rc5 50. Rxc5 Nxc5 51. Bxe5+ Kf7 52. Kf4 Ne6+ 0-1

[Event "chess.com SpeedChess Q2Sw"]
[Site "chess.com INT"]
[Date "2022.11.12"]
[Round "3"]
[White "Han, Yichen"]
[Black "Gokerkan, Cem Kaan"]
[Result "0-1"]
[WhiteTitle "FM"]
[BlackTitle "IM"]
[WhiteElo "2423"]
[BlackElo "2470"]
[WhiteFideId "1054430"]
[BlackFideId "6336760"]
[EventDate "2022.11.12"]

1. e4 Nf6 2. e5 Nd5 3. Nc3 Nxc3 4. dxc3 d5 5. Bd3 Nc6 6. Bf4 g6 7. Qe2 Bg7 8.
O-O-O Be6 9. Nf3 Bg4 10. Rhe1 e6 11. h3 Bxf3 12. Qxf3 Qe7 13. Qg3 h5 14. Qe3 Qf8
15. g4 hxg4 16. hxg4 a6 17. c4 d4 18. Qg3 O-O-O 19. Be4 Qc5 20. Qb3 Na5 21. Qf3
Qxc4 22. b3 Qb4 23. Bd2 Qa3+ 24. Kb1 c6 25. Qxf7 Rd7 26. Qxe6 Kc7 27. Bxg6 b6
28. Bd3 Re7 29. Qf5 Rf8 30. Qg5 Rxf2 31. e6 Nb7 32. Bf4+ Kc8 33. Rh1 Nd8 34. Bc1
Qc5 35. Bxa6+ Kc7 36. Bf4+ Rxf4 37. Qxf4+ Be5 38. Qf5 d3 39. Rxd3 Nxe6 40. Qf4
Nxf4 41. Rhd1 Nxd3 42. Bxd3 Qc3 0-1

[Event "chess.com SpeedChess Q2Sw"]
[Site "chess.com INT"]
[Date "2022.11.12"]
[Round "3"]
[White "Parkhov, Yair"]
[Black "Fernandez Siles, Luis"]
[Result "1-0"]
[WhiteTitle "IM"]
[BlackTitle "FM"]
[WhiteElo "2470"]
[BlackElo "2220"]
[WhiteFideId "2813408"]
[BlackFideId "2209420"]
[EventDate "2022.11.12"]

1. Nf3 Nf6 2. d4 g6 3. Nbd2 d5 4. b4 Bg7 5. e3 O-O 6. Bb2 b6 7. c4 c5 8. dxc5
bxc5 9. bxc5 Qa5 10. cxd5 Nxd5 11. Bxg7 Kxg7 12. Bc4 Qxc5 13. O-O Ba6 14. Rc1
Bxc4 15. Nxc4 Qb5 16. a4 Qb7 17. Rb1 Qd7 18. Nfe5 Qe6 19. Qd2 Nc6 20. Nxc6 Qxc6
21. Ne5 Qe6 22. Rfd1 Rfd8 23. Nf3 Rd7 24. Nd4 Qe4 25. Qb2 e5 26. Nf3 f6 27. Rd2
Rad8 28. Rbd1 Qxa4 29. h4 Nb6 30. h5 Qxd1+ 31. Rxd1 Rxd1+ 32. Kh2 R1d7 33. Qb4
Nd5 34. Qh4 Ne7 35. h6+ Kf7 36. Qc4+ Kf8 37. Qa6 Kf7 38. Qa2+ Kf8 39. Qe6 Rd6
40. Qa2 Nf5 41. Qxa7 Nxh6 42. Qxh7 Ng4+ 43. Kg3 f5 44. Ng5 R8d7 45. Qh8+ 1-0